000 00330nam a2200145Ia 4500
008 230711s9999||||xx |||||||||||||| ||und||
041 _aENG
082 _a540
_bCH-M
100 _aChortton,F
245 0 _aMedical attendance rules
250 _a5th
260 _c1940
_aNew Delhi
_bChander,M.
650 _aLiterature
942 _cBK
999 _c2095
_d2095